000 00483cam a2200181ua 4500
001 3706
008 120204n ii |||gr||||Z||||||asm
040 _cMAIN
082 _a891.4514
100 _aGoswami, Prakash,
_eEditor & compilor.
245 1 1 _aAsamiya prabandha chayan
_ced. by Prakash Goswami
250 _a1st.
260 _aJorhat:
_bAssam sahitya sabha,992.
300 _a330p:
_c23cm.
653 _aAssamese literature
653 _aAsamiya prabandha chayan
942 _cBK
999 _c3533
_d3533